| 000 | 00986nam a2200313Ia 4500 | ||
|---|---|---|---|
| 003 | OSt | ||
| 005 | 20221007123926.0 | ||
| 006 | a|||||r|||| 00| 0 | ||
| 007 | ta | ||
| 008 | 221006b |||||||| |||| 00| 0 eng d | ||
| 020 | _a9781405114516 (pbk) | ||
| 024 | _a81957 | ||
| 037 |
_b145, 23/09/2008, Ashutosh Technical Books _cTextbook |
||
| 040 |
_aCDL _cCDL _beng |
||
| 041 |
_2eng _aeng |
||
| 082 | _aE5:218, P8 Carc | ||
| 100 |
_aMoloney Mark G _9718137 |
||
| 245 | 0 | _aStructure and reactivity in organic chemistry | |
| 260 |
_aOxford _bBlackwell Publishing _c2008 |
||
| 300 |
_axi, 306p. _ccm. |
||
| 500 | _aIndex 303-306p. | ||
| 650 | _a Organic chemistry | ||
| 650 |
_a Organic compounds-structure _9718138 |
||
| 650 |
_a Organic reaction _9717800 |
||
| 650 |
_a Reactivity _9718139 |
||
| 650 | _aChemistry | ||
| 942 |
_hE5:218, P8 Carc _cTB _2CC |
||
| 999 |
_c1212668 _d1212668 |
||